[Event "Xtracon Grandmaster "]
[Site "Koge"]
[Date "2013.10.19"]
[Round "8"]
[White "Nielsen, Klaus"]
[Black "Brynell, Stellan"]
[Result "0-1"]
[WhiteElo "2092"]
[BlackElo "2492"]
[PlyCount "94"]
[EventDate "2013.10.14"]
[EventType "swiss"]
[EventRounds "9"]
[EventCountry "DEN"]
[Source "ChessBase"]
[SourceDate "2013.11.20"]

1. d4 Nf6 2. Nf3 c5 3. c3 d5 4. dxc5 e6 5. Be3 a5 6. Ne5 Qc7 7. Nd3 e5 8. b4 g6
9. f4 e4 10. Ne5 Bg7 11. Bd4 O-O 12. e3 Na6 13. Bxa6 Rxa6 14. O-O Be6 15. a4
Rd8 16. Nd2 Ne8 17. b5 Raa8 18. Ng4 h5 19. Nf2 Bf8 20. Nb3 f6 21. Qe2 Qf7 22.
Kh1 Ng7 23. g4 hxg4 24. Nxg4 Nh5 25. Rg1 Kh7 26. Rg2 Be7 27. Rag1 Bf5 28. Qf2
Rh8 29. Qe2 Kg7 30. Nf2 Qe6 31. Rc1 Qd7 32. Kg1 Kf7 33. Qd2 Be6 34. Qe2 Ng7 35.
Rd1 Nf5 36. Nh1 Nh4 37. Rd2 Nf3+ 38. Kf2 Bh3 39. Rg3 Bg4 40. h3 Nxd4 41. Qxg4
Qxg4 42. Rxg4 Nxb3 43. Rxd5 Nxc5 44. Rd4 Rxh3 45. Rg1 Rf3+ 46. Ke2 Rh8 47. Rxe4
Rhh3 0-1

[Event "Xtracon Grandmaster "]
[Site "Koge"]
[Date "2013.10.19"]
[Round "8"]
[White "Nielsen, Lars Aaes"]
[Black "Fries Nielsen, Jens Ove"]
[Result "1-0"]
[WhiteElo "2268"]
[BlackElo "2386"]
[PlyCount "83"]
[EventDate "2013.10.14"]
[EventType "swiss"]
[EventRounds "9"]
[EventCountry "DEN"]
[Source "ChessBase"]
[SourceDate "2013.11.20"]

1. e4 d6 2. d4 Nf6 3. Nc3 a6 4. Bg5 Nbd7 5. Nf3 e5 6. a4 h6 7. Bh4 Be7 8. a5
O-O 9. Bxf6 Bxf6 10. d5 Be7 11. g4 Nf6 12. h3 c6 13. Bc4 Bd7 14. Qd3 b5 15.
axb6 Qxb6 16. O-O a5 17. Kg2 c5 18. Nd2 Nh7 19. Bb5 Bc8 20. Nc4 Qd8 21. Bc6 Ra6
22. Ra3 h5 23. f3 Bg5 24. Ne2 g6 25. Ne3 Bf4 26. Rh1 Qf6 27. Bd7 Bxd7 28. Qxa6
Ng5 29. Nc4 Rb8 30. Qxd6 Qxd6 31. Nxd6 Rxb2 32. Rc3 hxg4 33. hxg4 a4 34. Nxf4
exf4 35. Ra1 Kf8 36. Nc4 Rb4 37. Ne5 Be8 38. Rxc5 f5 39. d6 fxe4 40. d7 Rd4 41.
dxe8=Q+ Kxe8 42. Rc8+ 1-0

[Event "Xtracon Grandmaster "]
[Site "Koge"]
[Date "2013.10.19"]
[Round "8"]
[White "Nilssen, John Arni"]
[Black "Akesson, Ralf"]
[Result "1-0"]
[WhiteElo "2360"]
[BlackElo "2465"]
[PlyCount "125"]
[EventDate "2013.10.14"]
[EventType "swiss"]
[EventRounds "9"]
[EventCountry "DEN"]
[Source "ChessBase"]
[SourceDate "2013.11.20"]

1. d4 Nf6 2. c4 g6 3. Nc3 d5 4. e3 Bg7 5. Qb3 c6 6. Bd2 O-O 7. Rc1 e6 8. Nf3
Nbd7 9. Be2 Nb6 10. O-O Nxc4 11. Bxc4 dxc4 12. Qxc4 Nd5 13. Ne2 Nb6 14. Qc2 Nd7
15. Rfd1 Qe7 16. Qc4 Re8 17. Ng3 a5 18. b4 axb4 19. Bxb4 Qd8 20. Ne4 Nb6 21.
Qb3 Qd5 22. Nd6 Rd8 23. e4 Qxb3 24. axb3 Bf8 25. Bc5 Bxd6 26. Bxb6 Re8 27. e5
Be7 28. Ra1 Bd7 29. Nd2 f5 30. Nc4 Kf7 31. Bc5 Ra6 32. Nb6 Rd8 33. Kf1 Be8 34.
Ke2 Bxc5 35. dxc5 Rxd1 36. Rxd1 Ra2+ 37. Rd2 Rxd2+ 38. Kxd2 g5 39. Nc8 f4 40.
Nd6+ Ke7 41. Nxb7 Bg6 42. Nd6 Kd7 43. g3 fxg3 44. fxg3 Kc7 45. Ke3 h6 46. Kd4
Kd7 47. Kc4 Kc7 48. b4 Bh5 49. Ne4 Kb7 50. Nf6 Be2+ 51. Kc3 Ka6 52. h4 gxh4 53.
gxh4 Kb5 54. Ne8 Bg4 55. Nd6+ Ka6 56. Nf7 h5 57. Nd6 Bf3 58. Kd4 Bg4 59. Ke3
Bd1 60. Kf4 Be2 61. Kg5 Bf3 62. Kg6 Bg4 63. Kf6 1-0

[Event "Xtracon Grandmaster "]
[Site "Koge"]
[Date "2013.10.19"]
[Round "8"]
[White "Norlander, Svante"]
[Black "Smidt Nielsen, Henrik"]
[Result "0-1"]
[WhiteElo "1766"]
[BlackElo "1953"]
[PlyCount "108"]
[EventDate "2013.10.14"]
[EventType "swiss"]
[EventRounds "9"]
[EventCountry "DEN"]
[Source "ChessBase"]
[SourceDate "2013.11.20"]

1. e4 c5 2. Nf3 d6 3. d4 cxd4 4. Nxd4 Nf6 5. Nc3 a6 6. h3 e6 7. Be3 Qc7 8. g4
h6 9. Bg2 Nc6 10. f4 Nxd4 11. Bxd4 e5 12. Be3 exf4 13. Bxf4 Be7 14. Qd2 Be6 15.
O-O-O Rd8 16. a3 b5 17. Rhe1 O-O 18. Qf2 Rfe8 19. Qg3 Qc5 20. Be3 Qc7 21. Qf2
Rc8 22. Bb6 Qb8 23. Rd2 Nd7 24. Be3 Nc5 25. Nd5 Nb3+ 26. Kb1 Nxd2+ 27. Qxd2
Bxd5 28. Qxd5 Qc7 29. Qd2 Bg5 30. Bxg5 hxg5 31. Rc1 Re5 32. c3 a5 33. Rf1 Qe7
34. Rd1 Rd8 35. Qd4 Rc5 36. Rf1 Qe5 37. Qf2 Qe6 38. Qd2 Re5 39. Re1 Rd7 40. Rd1
Qc4 41. Re1 Qc5 42. Rc1 Qc4 43. Bf3 Rde7 44. Rd1 R7e6 45. Ka1 Rf6 46. Bg2 Qc5
47. Qd3 b4 48. cxb4 axb4 49. Qb3 bxa3 50. bxa3 Rf2 51. Bh1 Qc2 52. Qxc2 Rxc2
53. Rf1 Ra5 54. Kb1 Rh2 0-1

[Event "Xtracon Grandmaster "]
[Site "Koge"]
[Date "2013.10.19"]
[Round "8"]
[White "Ottesen, Soren Rud"]
[Black "Rendlev, Niels Moller"]
[Result "0-1"]
[WhiteElo "1757"]
[BlackElo "1818"]
[PlyCount "66"]
[EventDate "2013.10.14"]
[EventType "swiss"]
[EventRounds "9"]
[EventCountry "DEN"]
[Source "ChessBase"]
[SourceDate "2013.11.20"]

1. e4 e6 2. d4 d5 3. Nc3 Nf6 4. e5 Nfd7 5. f4 c5 6. Nf3 Nc6 7. Be3 cxd4 8. Nxd4
Nxd4 9. Bxd4 a6 10. Bd3 Bc5 11. Ne2 Qb6 12. c3 Qxb2 13. O-O Qb6 14. Qc2 g6 15.
a4 Qc7 16. a5 b5 17. axb6 Nxb6 18. Ra5 Bxd4+ 19. cxd4 Qxc2 20. Bxc2 Nc4 21.
Ba4+ Bd7 22. Bxd7+ Kxd7 23. Ra2 Rhb8 24. Rfa1 a5 25. Nc3 Rb4 26. Na4 Rab8 27.
Nc5+ Kc6 28. Na6 Rb1+ 29. Kf2 R1b2+ 30. Ke1 Rb1+ 31. Kf2 R8b2+ 32. Kf3 Rxa2 33.
Rxb1 Nd2+ 0-1

[Event "Xtracon Grandmaster "]
[Site "Koge"]
[Date "2013.10.19"]
[Round "8"]
[White "Percivaldi, Martin"]
[Black "Preuss, Flemming"]
[Result "1/2-1/2"]
[WhiteElo "2191"]
[BlackElo "1980"]
[PlyCount "135"]
[EventDate "2013.10.14"]
[EventType "swiss"]
[EventRounds "9"]
[EventCountry "DEN"]
[Source "ChessBase"]
[SourceDate "2013.11.20"]

1. d4 Nf6 2. c4 e6 3. g3 Bb4+ 4. Bd2 Qe7 5. Bg2 O-O 6. e3 Nc6 7. Ne2 Bxd2+ 8.
Qxd2 d6 9. Nbc3 e5 10. h3 Nd8 11. Nd5 Nxd5 12. cxd5 c6 13. Nc3 exd4 14. Qxd4 c5
15. Qe4 Qc7 16. O-O a6 17. a4 b6 18. Qc2 f6 19. e4 Nf7 20. f4 Bd7 21. Ne2 Rfc8
22. Rfc1 Qd8 23. Kh2 b5 24. h4 Qe7 25. Qd2 Rcb8 26. b4 c4 27. axb5 axb5 28. Nc3
Qd8 29. Qd4 Qc7 30. Bf3 Qb7 31. Bg2 Re8 32. Ne2 Bg4 33. Nc3 Bd7 34. Bf3 h6 35.
Ne2 Kf8 36. Bh5 Rxa1 37. Rxa1 Ra8 38. Bxf7 Rxa1 39. Qxa1 Kxf7 40. f5 Qb6 41.
Qd4 Qxd4 42. Nxd4 g5 43. Kg2 Ke7 44. Kf3 Be8 45. Ke3 Bd7 46. hxg5 hxg5 47. g4
Kd8 48. Ne2 Ke7 49. Nc3 Kd8 50. Kd4 Ke7 51. Nd1 Bc8 52. Ne3 Ba6 53. Nf1 Bc8 54.
Ng3 Bd7 55. Ne2 Bc8 56. Ke3 Bd7 57. Nc3 Kd8 58. Kd4 Ke7 59. e5 fxe5+ 60. Ke3
Be8 61. Ke4 Kf6 62. Nb1 Bf7 63. Nc3 Be8 64. Ke3 Ke7 65. Ne4 Bf7 66. Nc3 Be8 67.
Ke4 Kf6 68. Nd1 1/2-1/2

[Event "Xtracon Grandmaster "]
[Site "Koge"]
[Date "2013.10.19"]
[Round "8"]
[White "Prosviriakov, Vladimir"]
[Black "Molvig, Julius"]
[Result "1-0"]
[WhiteElo "2300"]
[BlackElo "1893"]
[PlyCount "56"]
[EventDate "2013.10.14"]
[EventType "swiss"]
[EventRounds "9"]
[EventCountry "DEN"]
[Source "ChessBase"]
[SourceDate "2013.11.20"]

1. e4 c5 2. Nf3 d6 3. d4 cxd4 4. Qxd4 a6 5. c4 Nc6 6. Qd2 Nf6 7. Nc3 g6 8. h3
Bg7 9. Bd3 b6 10. O-O Bb7 11. b3 O-O 12. Bb2 Rc8 13. Rad1 Nd7 14. Nd5 Nce5 15.
Nxe5 dxe5 16. Be2 Nc5 17. Qb4 Bxd5 18. exd5 Qc7 19. Qc3 Rfd8 20. Rfe1 e6 21.
Bf3 a5 22. Qe3 f6 23. dxe6 Nxe6 24. Bd5 Qd6 25. Ba3 Qd7 26. Qxb6 Kf7 27. Qxa5
Ke8 28. Qb4 Nd4 1-0

[Event "Xtracon Grandmaster "]
[Site "Koge"]
[Date "2013.10.19"]
[Round "8"]
[White "Rozentalis, Eduardas"]
[Black "Smith, Axel"]
[Result "0-1"]
[WhiteElo "2616"]
[BlackElo "2460"]
[PlyCount "80"]
[EventDate "2013.10.14"]
[EventType "swiss"]
[EventRounds "9"]
[EventCountry "DEN"]
[Source "ChessBase"]
[SourceDate "2013.11.20"]

1. e4 e5 2. Nf3 Nc6 3. Bb5 Nf6 4. d3 Bc5 5. Bxc6 dxc6 6. Be3 Bd6 7. Nbd2 c5 8.
h3 O-O 9. O-O Nd7 10. c3 Re8 11. d4 cxd4 12. cxd4 exd4 13. Nxd4 Nf6 14. Qc2 b6
15. Nc6 Qd7 16. b4 Ba6 17. e5 Bxf1 18. Rxf1 Bxe5 19. Nf3 Bd6 20. Rd1 h6 21. a4
Qe6 22. Rd4 Bc5 23. bxc5 Qxc6 24. Rc4 Qe6 25. Qc1 Ne4 26. Nd4 Qe7 27. cxb6 cxb6
28. Rc7 Qe5 29. Qc4 Re7 30. Rxe7 Qxe7 31. Qd5 Re8 32. a5 Nf6 33. Qa2 Qd6 34.
axb6 axb6 35. Qb2 Nd5 36. Bd2 Qe5 37. Qb5 Ra8 38. Bc3 Qe4 39. Bb2 Nf4 40. Nf3
Nxh3+ 0-1

[Event "Xtracon Grandmaster "]
[Site "Koge"]
[Date "2013.10.19"]
[Round "8"]
[White "Semcesen, Daniel"]
[Black "Rosenkilde, Alexander"]
[Result "1-0"]
[WhiteElo "2490"]
[BlackElo "2238"]
[PlyCount "71"]
[EventDate "2013.10.14"]
[EventType "swiss"]
[EventRounds "9"]
[EventCountry "DEN"]
[Source "ChessBase"]
[SourceDate "2013.11.20"]

1. d4 Nf6 2. c4 e6 3. Nc3 Bb4 4. a3 Bxc3+ 5. bxc3 O-O 6. f3 d5 7. cxd5 exd5 8.
e3 Bf5 9. Ne2 Re8 10. g4 Bc8 11. Bg2 b6 12. Ng3 Bb7 13. O-O c5 14. Ra2 cxd4 15.
cxd4 Nc6 16. g5 Nd7 17. e4 Nf8 18. e5 Ba6 19. Re1 g6 20. f4 Ne6 21. Be3 Ng7 22.
f5 Bc4 23. Rf2 b5 24. h4 a5 25. h5 Rf8 26. Bh3 b4 27. a4 b3 28. f6 Ne6 29. hxg6
hxg6 30. Rh2 Qb6 31. Bxe6 fxe6 32. Qb1 Kf7 33. Rh7+ Ke8 34. Qxg6+ Kd8 35. Qg7
b2 36. Qxf8# 1-0

[Event "Xtracon Grandmaster "]
[Site "Koge"]
[Date "2013.10.19"]
[Round "8"]
[White "Tolba, Henri"]
[Black "Kokholm, Daniel"]
[Result "0-1"]
[WhiteElo "1716"]
[BlackElo "1905"]
[PlyCount "44"]
[EventDate "2013.10.14"]
[EventType "swiss"]
[EventRounds "9"]
[EventCountry "DEN"]
[Source "ChessBase"]
[SourceDate "2013.11.20"]

1. d4 d6 2. Bg5 h6 3. Bh4 Nd7 4. c4 Ngf6 5. Bxf6 Nxf6 6. Nc3 c6 7. Nf3 Qc7 8.
e4 e5 9. d5 Be7 10. Be2 O-O 11. h3 a6 12. a4 Bd7 13. O-O Ne8 14. Nd2 f5 15.
exf5 Bxf5 16. g4 Bg6 17. Nde4 Bh4 18. Kg2 Kh8 19. Bd3 Rd8 20. Ng3 Qf7 21. Bxg6
Qxg6 22. Nf5 Rxf5 0-1

[Event "Xtracon Grandmaster "]
[Site "Koge"]
[Date "2013.10.19"]
[Round "8"]
[White "Ulibin, Mikhail"]
[Black "Korley, Kassa"]
[Result "1/2-1/2"]
[WhiteElo "2523"]
[BlackElo "2329"]
[PlyCount "48"]
[EventDate "2013.10.14"]
[EventType "swiss"]
[EventRounds "9"]
[EventCountry "DEN"]
[Source "ChessBase"]
[SourceDate "2013.11.20"]

1. e4 e5 2. Nf3 Nc6 3. Bb5 Nf6 4. O-O Nxe4 5. Re1 Nd6 6. Nxe5 Nxe5 7. Rxe5+ Be7
8. Bf1 O-O 9. d4 Bf6 10. Re1 Nf5 11. c3 d5 12. Bf4 c6 13. Nd2 Bg5 14. Qg4 Bxf4
15. Qxf4 Qd6 16. Re5 Ne7 17. Bd3 Ng6 18. Bxg6 hxg6 19. Qg3 Be6 20. Rae1 Rfe8
21. Qe3 Bd7 22. Qf4 Qf8 23. Rxe8 Rxe8 24. Rxe8 Qxe8 1/2-1/2

[Event "Xtracon Grandmaster "]
[Site "Koge"]
[Date "2013.10.19"]
[Round "8"]
[White "Vovk, Oksana"]
[Black "Olsen, Michael Richard W"]
[Result "1/2-1/2"]
[WhiteElo "2132"]
[BlackElo "1967"]
[PlyCount "69"]
[EventDate "2013.10.14"]
[EventType "swiss"]
[EventRounds "9"]
[EventCountry "DEN"]
[Source "ChessBase"]
[SourceDate "2013.11.20"]

1. d4 e6 2. c4 Nf6 3. Nf3 Be7 4. Nc3 d6 5. g3 c6 6. Bg2 Nbd7 7. O-O a6 8. b3
Ra7 9. a4 d5 10. c5 a5 11. Qc2 h6 12. Ba3 g5 13. e4 g4 14. Ne5 Nxe5 15. dxe5
Nd7 16. exd5 exd5 17. Rae1 Nf8 18. f4 gxf3 19. Bxf3 h5 20. Qf2 Be6 21. Ne2 h4
22. Nf4 hxg3 23. hxg3 Kd7 24. Nxd5 Kc8 25. Nxe7+ Qxe7 26. Qe3 Ng6 27. Rd1 Qc7
28. Rd6 Ne7 29. Be4 Kb8 30. Bb2 Rg8 31. Kg2 Qc8 32. Rh1 Nd5 33. Qf3 Rh8 34. Kf2
Kc7 35. Rh5 1/2-1/2

[Event "Xtracon Grandmaster "]
[Site "Koge"]
[Date "2013.10.19"]
[Round "8"]
[White "Wahlstrom, Lennart"]
[Black "Hansen, Rasmus Agertoft"]
[Result "1-0"]
[WhiteElo "2105"]
[BlackElo "1940"]
[PlyCount "71"]
[EventDate "2013.10.14"]
[EventType "swiss"]
[EventRounds "9"]
[EventCountry "DEN"]
[Source "ChessBase"]
[SourceDate "2013.11.20"]

1. e4 d6 2. d4 Nf6 3. Nc3 g6 4. Nf3 Bg7 5. Be2 Bg4 6. O-O O-O 7. Re1 Nc6 8. h3
Bxf3 9. Bxf3 e5 10. dxe5 Nxe5 11. Be2 h6 12. Be3 Re8 13. Qd2 Kh7 14. f4 Nc6 15.
Bf3 Nd7 16. Rad1 Nb6 17. b3 Qh4 18. a4 f5 19. exf5 gxf5 20. a5 Nd7 21. a6 Rab8
22. axb7 Nd4 23. Bxd4 Bxd4+ 24. Kh1 Bf2 25. Rxe8 Rxe8 26. Bc6 Re3 27. Qxe3 Bxe3
28. Bxd7 Bxf4 29. Bxf5+ Kg7 30. b8=Q Qg3 31. Qxc7+ Kf8 32. Qd8+ Kf7 33. Be6+
Kxe6 34. Qe8+ Kf5 35. Qf7+ Ke5 36. Rd5# 1-0

[Event "Xtracon Grandmaster "]
[Site "Koge"]
[Date "2013.10.20"]
[Round "9"]
[White "Akesson, Ralf"]
[Black "Kjartansson, Gudmundur"]
[Result "1-0"]
[WhiteElo "2465"]
[BlackElo "2447"]
[PlyCount "91"]
[EventDate "2013.10.14"]
[EventType "swiss"]
[EventRounds "9"]
[EventCountry "DEN"]
[Source "ChessBase"]
[SourceDate "2013.11.20"]

1. Nf3 f5 2. g3 Nf6 3. Bg2 d6 4. d4 g6 5. O-O Bg7 6. c4 O-O 7. Nc3 c6 8. d5 e5
9. dxe6 Bxe6 10. Qd3 Na6 11. Ng5 Qe7 12. Bf4 Rfd8 13. Rad1 Bf8 14. Bxd6 Rxd6
15. Qxd6 Qxd6 16. Rxd6 Bxd6 17. Nxe6 Be5 18. Na4 Re8 19. Nec5 Nxc5 20. Nxc5 Bd4
21. Nb3 Bxb2 22. e3 Re5 23. Rd1 Kf7 24. c5 Bc3 25. a3 Bb2 26. a4 Bc3 27. a5 Bb4
28. Rd8 Re8 29. Rd4 Bc3 30. Rc4 Be5 31. a6 Rb8 32. Na5 bxa6 33. Nxc6 Rb1+ 34.
Bf1 Bc7 35. Rc2 Ne4 36. Kg2 Ke6 37. Bxa6 Kd5 38. Nd4 Nxc5 39. Bc4+ Kd6 40. Nb5+
Kc6 41. Nxc7 Kxc7 42. Bd3 Kd6 43. Rxc5 Rb3 44. Rc8 Kd7 45. Bc2 Rb2 46. Rc4 1-0

[Event "Xtracon Grandmaster "]
[Site "Koge"]
[Date "2013.10.20"]
[Round "9"]
[White "Andersen, Daniel"]
[Black "Eriksson, Kristian"]
[Result "0-1"]
[WhiteElo "1933"]
[BlackElo "2093"]
[PlyCount "80"]
[EventDate "2013.10.14"]
[EventType "swiss"]
[EventRounds "9"]
[EventCountry "DEN"]
[Source "ChessBase"]
[SourceDate "2013.11.20"]

1. c4 e5 2. Nc3 Bb4 3. Nd5 a5 4. Nxb4 axb4 5. d3 Nc6 6. Nf3 d5 7. cxd5 Qxd5 8.
g3 Rxa2 9. e4 Qa5 10. Rxa2 Qxa2 11. d4 Bg4 12. dxe5 Nxe5 13. Be2 Bxf3 14. Bxf3
Nxf3+ 15. Qxf3 Qc4 16. Bd2 Nf6 17. Qe2 Qxe4 18. Qxe4+ Nxe4 19. Bxb4 Kd7 20. f3
Nf6 21. Bc3 Re8+ 22. Kf2 Re6 23. Rd1+ Rd6 24. Re1 c6 25. Bb4 Re6 26. Rd1+ Nd5
27. Bc3 f6 28. Bd4 Kc7 29. Ra1 Nb4 30. Bc3 Nd3+ 31. Kf1 c5 32. Rd1 Ne5 33. Re1
Re7 34. f4 Nc6 35. Rc1 b5 36. Kf2 c4 37. Bd2 f5 38. b3 cxb3 39. Rc3 b2 40. Rb3
Re2+ 0-1

[Event "Xtracon Grandmaster "]
[Site "Koge"]
[Date "2013.10.20"]
[Round "9"]
[White "Andersen, Morten"]
[Black "Akdag, Dara Sevkan"]
[Result "0-1"]
[WhiteElo "2153"]
[BlackElo "2278"]
[PlyCount "70"]
[EventDate "2013.10.14"]
[EventType "swiss"]
[EventRounds "9"]
[EventCountry "DEN"]
[Source "ChessBase"]
[SourceDate "2013.11.20"]

1. c4 e5 2. g3 d6 3. Bg2 f5 4. Nc3 c6 5. d4 e4 6. d5 Nf6 7. Nh3 Be7 8. Be3 O-O
9. f3 Re8 10. O-O exf3 11. exf3 Nbd7 12. Re1 c5 13. Nf4 Ne5 14. Bxc5 dxc5 15.
Rxe5 Bd6 16. Rxe8+ Qxe8 17. Qd2 Bd7 18. Re1 Qf7 19. Nd3 Re8 20. f4 Ng4 21. h3
Rxe1+ 22. Qxe1 Nf6 23. Ne5 Qe8 24. Qe2 a6 25. Bf3 Bc8 26. a4 g5 27. b3 gxf4 28.
gxf4 Kh8 29. Kf1 Qe7 30. Qh2 Nd7 31. Nd3 Nf8 32. Qe2 Qh4 33. Ne5 Qxh3+ 34. Bg2
Qxc3 35. Nf7+ Kg7 0-1

[Event "Xtracon Grandmaster "]
[Site "Koge"]
[Date "2013.10.20"]
[Round "9"]
[White "Andreasen, Jon S"]
[Black "Antonsen, Mikkel"]
[Result "1/2-1/2"]
[WhiteElo "2239"]
[BlackElo "2449"]
[PlyCount "30"]
[EventDate "2013.10.14"]
[EventType "swiss"]
[EventRounds "9"]
[EventCountry "DEN"]
[Source "ChessBase"]
[SourceDate "2013.11.20"]

1. d4 Nf6 2. c4 g6 3. Nc3 d5 4. Nf3 Bg7 5. Qb3 dxc4 6. Qxc4 O-O 7. e4 a6 8. e5
b5 9. Qb3 Nfd7 10. Ng5 Nb6 11. Be3 Nc6 12. Rd1 Na5 13. Qb4 Nc6 14. Qb3 Na5 15.
Qb4 Nc6 1/2-1/2

[Event "Xtracon Grandmaster "]
[Site "Koge"]
[Date "2013.10.20"]
[Round "9"]
[White "Brynell, Stellan"]
[Black "Bekker Jensen, David"]
[Result "1/2-1/2"]
[WhiteElo "2492"]
[BlackElo "2321"]
[PlyCount "130"]
[EventDate "2013.10.14"]
[EventType "swiss"]
[EventRounds "9"]
[EventCountry "DEN"]
[Source "ChessBase"]
[SourceDate "2013.11.20"]

1. d4 Nf6 2. c4 g6 3. g3 Bg7 4. Bg2 O-O 5. Nc3 d6 6. Nf3 Nc6 7. O-O Bf5 8. b3
e5 9. d5 Ne7 10. Ne1 Bd7 11. e4 Ne8 12. Nd3 f5 13. c5 f4 14. a4 g5 15. f3 h5
16. Ra2 Ng6 17. b4 Rf7 18. Rff2 Bf8 19. Qb3 Qf6 20. Rac2 Qh8 21. c6 bxc6 22.
dxc6 Bxc6 23. Nd5 Bxd5 24. Qxd5 Rb8 25. Bh3 g4 26. fxg4 Nf6 27. Qc4 hxg4 28.
Bf1 f3 29. b5 Bh6 30. Nb4 Bxc1 31. Rxc1 Qh6 32. Rc3 Re8 33. Nd5 Nxd5 34. Qxd5
Kg7 35. Bc4 Rfe7 36. Qd2 Qh5 37. Bd5 Rh8 38. Qc1 Nf4 39. gxf4 g3 40. Rcxf3
gxf2+ 41. Rxf2 Qh6 42. Qc3 Kh7 43. Rf3 Kg7 44. Qb2 Qh5 45. Qg2+ Kf8 46. fxe5+
Ke8 47. exd6 cxd6 48. Qg3 Qh6 49. Qf4 Qg7+ 50. Rg3 Qd4+ 51. Qf2 Qxa4 52. Bc6+
Kd8 53. Qd2 Qa1+ 54. Kg2 Qe5 55. Qa5+ Rc7 56. Qa2 Qh5 57. Rg8+ Ke7 58. Rxh8
Qxh8 59. Qf2 Kd8 60. h4 Rg7+ 61. Kh3 Rg6 62. b6 Qc3+ 63. Kh2 Qe5+ 64. Kh3 Qc3+
65. Kh2 Qe5+ 1/2-1/2

[Event "Xtracon Grandmaster "]
[Site "Koge"]
[Date "2013.10.20"]
[Round "9"]
[White "Danielsen, Henrik"]
[Black "Nielsen, Lars Aaes"]
[Result "1-0"]
[WhiteElo "2501"]
[BlackElo "2268"]
[PlyCount "33"]
[EventDate "2013.10.14"]
[EventType "swiss"]
[EventRounds "9"]
[EventCountry "DEN"]
[Source "ChessBase"]
[SourceDate "2013.11.20"]

1. g3 Nf6 2. Bg2 d5 3. Nf3 c5 4. c4 Nc6 5. cxd5 Nxd5 6. Nc3 e6 7. O-O Be7 8. d4
O-O 9. e4 Nb6 10. dxc5 Bxc5 11. Bf4 Nc4 12. Qe2 Nd6 13. Rfd1 Qe7 14. Rac1 Rd8
15. e5 Nf5 16. Ne4 Bd4 17. g4 1-0

[Event "Xtracon Grandmaster "]
[Site "Koge"]
[Date "2013.10.20"]
[Round "9"]
[White "Degerfeldt, Sven"]
[Black "Wahlstrom, Lennart"]
[Result "0-1"]
[WhiteElo "1929"]
[BlackElo "2105"]
[PlyCount "100"]
[EventDate "2013.10.14"]
[EventType "swiss"]
[EventRounds "9"]
[EventCountry "DEN"]
[Source "ChessBase"]
[SourceDate "2013.11.20"]

1. d4 d5 2. c4 e6 3. Nc3 c5 4. cxd5 exd5 5. Nf3 Nc6 6. g3 Nf6 7. Bg2 Bg4 8. e3
Be7 9. O-O O-O 10. h3 Be6 11. dxc5 Bxc5 12. Nb5 Qb6 13. Nbd4 Nxd4 14. exd4 Bd6
15. Ne5 Ne4 16. Nc4 dxc4 17. Bxe4 Rfe8 18. Bg2 Bf5 19. Re1 Bd3 20. a3 Qb5 21.
b4 Rxe1+ 22. Qxe1 Re8 23. Be3 b6 24. Qd2 a5 25. bxa5 bxa5 26. Bf1 Bxf1 27. Kxf1
c3+ 28. Qe2 Qb2 29. Ra2 Qb1+ 30. Kg2 Qe4+ 31. Qf3 Qxf3+ 32. Kxf3 Rb8 33. Bc1
Rb3 34. Ke4 a4 35. Kd5 Be7 36. f4 Kf8 37. g4 Ke8 38. Kc6 Bf6 39. Kc5 h6 40. Kc4
c2 41. Rxc2 Rxh3 42. Kb5 Rg3 43. Kxa4 Rxg4 44. Kb5 g5 45. Rc6 Bxd4 46. Rxh6
gxf4 47. Kc4 f3 48. Rh5 Be3+ 49. Kd3 Bxc1 50. Rf5 Rf4 0-1

[Event "Xtracon Grandmaster "]
[Site "Koge"]
[Date "2013.10.20"]
[Round "9"]
[White "Fries Nielsen, Jens Ove"]
[Black "Andersen, Finn"]
[Result "1-0"]
[WhiteElo "2386"]
[BlackElo "2060"]
[PlyCount "37"]
[EventDate "2013.10.14"]
[EventType "swiss"]
[EventRounds "9"]
[EventCountry "DEN"]
[Source "ChessBase"]
[SourceDate "2013.11.20"]

1. e4 d6 2. f4 e5 3. d4 Nf6 4. Nc3 Nbd7 5. Nf3 exd4 6. Qxd4 c6 7. e5 dxe5 8.
fxe5 Bc5 9. Qf4 Qe7 10. Be2 Nd5 11. Nxd5 cxd5 12. Bd2 O-O 13. O-O-O f6 14. Qh4
fxe5 15. Bg5 Qe6 16. Rxd5 Rf4 17. Bxf4 Qxd5 18. Qd8+ Bf8 19. Nxe5 1-0

[Event "Xtracon Grandmaster "]
[Site "Koge"]
[Date "2013.10.20"]
[Round "9"]
[White "Hansen, Verner"]
[Black "Tolba, Henri"]
[Result "0-1"]
[WhiteElo "1903"]
[BlackElo "1716"]
[PlyCount "58"]
[EventDate "2013.10.14"]
[EventType "swiss"]
[EventRounds "9"]
[EventCountry "DEN"]
[Source "ChessBase"]
[SourceDate "2013.11.20"]

1. e4 e5 2. Nf3 Nc6 3. Bc4 Nf6 4. d3 Be7 5. O-O O-O 6. c3 d5 7. exd5 Nxd5 8.
Re1 Nb6 9. Bb5 f6 10. Nbd2 Nb8 11. d4 exd4 12. Nxd4 c6 13. Bf1 Kh8 14. Qf3 Nd5
15. Bc4 Nc7 16. Ne4 Nd7 17. Bf4 Ne5 18. Qe2 Nxc4 19. Qxc4 Nd5 20. Bg3 f5 21.
Nc5 f4 22. Nde6 fxg3 23. Nxd8 gxf2+ 24. Kh1 fxe1=Q+ 25. Rxe1 Rxd8 26. Qe4 h6
27. Nd3 Bf6 28. c4 Ne7 29. h4 Bf5 0-1

[Event "Xtracon Grandmaster "]
[Site "Koge"]
[Date "2013.10.20"]
[Round "9"]
[White "Hoi, Carsten"]
[Black "Bengtsson, Tage"]
[Result "1-0"]
[WhiteElo "2393"]
[BlackElo "2099"]
[PlyCount "58"]
[EventDate "2013.10.14"]
[EventType "swiss"]
[EventRounds "9"]
[EventCountry "DEN"]
[Source "ChessBase"]
[SourceDate "2013.11.20"]

1. c4 e6 2. Nf3 d5 3. e3 Nf6 4. b3 Be7 5. Bb2 O-O 6. d4 c5 7. Bd3 cxd4 8. exd4
Nbd7 9. Nc3 Bd6 10. O-O dxc4 11. bxc4 b6 12. Qe2 Bb7 13. Rad1 Qb8 14. g3 a6 15.
Rfe1 Ra7 16. Ne5 Ba8 17. Nxd7 Rxd7 18. d5 Re7 19. Ne4 Nxe4 20. Qxe4 f5 21. Qh4
Qe8 22. Bc3 exd5 23. cxd5 Bc5 24. Bc4 Kh8 25. Rxe7 Bxe7 26. Qf4 b5 27. Bb3 Qc8
28. Be5 Rd8 29. Rc1 Qd7 1-0

[Event "Xtracon Grandmaster "]
[Site "Koge"]
[Date "2013.10.20"]
[Round "9"]
[White "Jacobsen, Mikkel Manosri"]
[Black "Percivaldi, Martin"]
[Result "1/2-1/2"]
[WhiteElo "1928"]
[BlackElo "2191"]
[PlyCount "112"]
[EventDate "2013.10.14"]
[EventType "swiss"]
[EventRounds "9"]
[EventCountry "DEN"]
[Source "ChessBase"]
[SourceDate "2013.11.20"]

1. d4 d5 2. Bf4 c5 3. e3 Nc6 4. c3 Nf6 5. Nf3 Qb6 6. Qb3 c4 7. Qxb6 axb6 8. Na3
Bf5 9. Nh4 Bd7 10. Nf3 Na5 11. Ne5 e6 12. Nc2 Nh5 13. Bg3 Nxg3 14. hxg3 Bd6 15.
Nf3 Ba4 16. Rc1 Bxc2 17. Rxc2 b5 18. a3 Ke7 19. Nd2 h5 20. Be2 g6 21. e4 dxe4
22. Nxe4 f5 23. Nxd6 Kxd6 24. f4 Nc6 25. Kf2 Nd8 26. Bf3 Nf7 27. Bxb7 Rab8 28.
Bf3 Rb6 29. Rcc1 Rbb8 30. Rce1 Rh6 31. Bd1 Rbh8 32. Rh2 h4 33. Rxh4 Rxh4 34.
gxh4 Rxh4 35. Kg3 Rh8 36. a4 bxa4 37. Bxa4 g5 38. Bd1 Rg8 39. Bf3 gxf4+ 40.
Kxf4 Ng5 41. Bb7 Nf7 42. Bf3 Ng5 43. Bb7 Nf7 44. Ba6 Rxg2 45. Bxc4 Ng5 46. Be2
Nh3+ 47. Kf3 Rg7 48. Bc4 Ng5+ 49. Ke2 Ne4 50. Kd3 Rg3+ 51. Kc2 Rh3 52. Ba2 Rh2+
53. Kb3 e5 54. dxe5+ Kxe5 55. Bb1 Kd5 56. Bxe4+ fxe4 1/2-1/2